[Event "Zalakarosi Sakkfesztivál open"]
[Site "Zalakaros"]
[Date "2018.05.30"]
[Round "6.34"]
[White "Kiss, Balazs"]
[Black "Papp, Gellert"]
[Result "0-1"]
[WhiteElo "1972"]
[BlackElo "2325"]
[PlyCount "80"]
[EventDate "2018.05.25"]
[EventType "swiss"]
[EventRounds "9"]
[EventCountry "HUN"]

1. c4 Nf6 2. Nc3 g6 3. g3 Bg7 4. Bg2 O-O 5. e4 c5 6. Nge2 Nc6 7. O-O d6 8. d3
a6 9. f3 Rb8 10. Be3 b5 11. Qd2 Ne8 12. Rad1 Nc7 13. b3 Re8 14. Bh6 Bh8 15. h4
Ne6 16. f4 Ned4 17. f5 Qa5 18. fxg6 hxg6 19. Qf4 Be6 20. Kh2 Nxe2 21. Nxe2 Ne5
22. Bh3 Bxh3 23. Kxh3 Qxa2 24. d4 cxd4 25. Nxd4 bxc4 26. Nc6 cxb3 27. Nxe5 b2
28. Rd5 Bf6 29. Nxg6 fxg6 30. Qg4 Kh7 31. h5 Rg8 32. Rxf6 exf6 33. hxg6+ Rxg6
34. Qd7+ Kg8 35. Qe6+ Kh8 36. Bg7+ Kh7 37. Rh5+ Kxg7 38. Qe7+ Qf7 39. Rh7+ Kxh7
40. Qxf7+ Kh6 0-1

[Event "Zalakarosi Sakkfesztivál open"]
[Site "Zalakaros"]
[Date "2018.05.30"]
[Round "6.35"]
[White "Sonnberger, Thomas"]
[Black "Vrchotka, Josef"]
[Result "1-0"]
[WhiteElo "2186"]
[BlackElo "1984"]
[PlyCount "51"]
[EventDate "2018.05.25"]
[EventType "swiss"]
[EventRounds "9"]
[EventCountry "HUN"]

1. Nf3 Nf6 2. g3 d5 3. Bg2 Bg4 4. h3 Bh5 5. O-O e6 6. c4 c6 7. Qb3 Qc7 8. d4
dxc4 9. Qxc4 Nbd7 10. Nc3 Nb6 11. Qb3 Nbd5 12. Bg5 Be7 13. Rfe1 Nxc3 14. bxc3
Nd5 15. Bd2 Bxf3 16. Bxf3 O-O 17. e4 Nb6 18. a4 Nd7 19. Bf4 e5 20. Be3 c5 21.
Rab1 Rab8 22. Bg2 Bf6 23. dxe5 c4 24. Qc2 Bxe5 25. Bxa7 Ra8 26. Be3 {...} 1-0

[Event "Zalakarosi Sakkfesztivál open"]
[Site "Zalakaros"]
[Date "2018.05.30"]
[Round "6.36"]
[White "Piroska, Istvan"]
[Black "Friml, Antonin"]
[Result "1-0"]
[WhiteElo "2159"]
[BlackElo "1995"]
[PlyCount "83"]
[EventDate "2018.05.25"]
[EventType "swiss"]
[EventRounds "9"]
[EventCountry "HUN"]

1. e4 c5 2. Nf3 e6 3. d4 cxd4 4. Nxd4 Nc6 5. Nc3 Qc7 6. f4 a6 7. Be2 d6 8. Bf3
Nf6 9. Nxc6 bxc6 10. Be3 Rb8 11. Na4 Be7 12. O-O O-O 13. c4 c5 14. Qc2 Bb7 15.
Rad1 Rbd8 16. Nc3 Nd7 17. Rd3 Nb8 18. Qf2 Nc6 19. Rfd1 Nd4 20. Bg4 Bf6 21. Kh1
Qe7 22. Qg3 Qc7 23. Bf2 Bc6 24. Re1 e5 25. f5 Rb8 26. b3 a5 27. Bd1 Kh8 28. Qg4
g6 29. Rh3 Rg8 30. Be3 g5 31. Rh6 Qe7 32. Qh5 Rg7 33. g4 a4 34. h4 axb3 35.
axb3 Rbg8 36. Rg1 gxh4 37. g5 Nxf5 38. gxf6 Qxf6 39. Rxf6 Rxg1+ 40. Bxg1 Ng3+
41. Kh2 Nxh5 42. Bxh5 1-0

[Event "Zalakarosi Sakkfesztivál open"]
[Site "Zalakaros"]
[Date "2018.05.30"]
[Round "6.37"]
[White "Toth, Istvan"]
[Black "Boronyak, Arpad"]
[Result "0-1"]
[WhiteElo "1941"]
[BlackElo "2153"]
[PlyCount "100"]
[EventDate "2018.05.25"]
[EventType "swiss"]
[EventRounds "9"]
[EventCountry "HUN"]

1. d4 Nf6 2. Nf3 g6 3. c4 Bg7 4. Nc3 c5 5. e3 O-O 6. Be2 b6 7. O-O d6 8. b3 Bb7
9. Bb2 e6 10. Qc2 Nc6 11. Rad1 Qe7 12. Qb1 Rad8 13. d5 exd5 14. Nxd5 Nxd5 15.
Bxg7 Kxg7 16. cxd5 Nb4 17. Bc4 Na6 18. Rfe1 Nc7 19. e4 b5 20. Bd3 f6 21. Qb2
Kg8 22. h3 Qg7 23. a4 a6 24. Qe2 Rb8 25. axb5 axb5 26. Qc2 Ra8 27. Rc1 Rfc8 28.
Qe2 Qd7 29. Qb2 Qg7 30. Qe2 Rcb8 31. Qc2 Ra3 32. Nd4 Ba6 33. Nc6 Ra8 34. Qb2
Bb7 35. Ra1 b4 36. Bc4 Kf8 37. f4 Bxc6 38. dxc6 Qe7 39. Bd5 R8a7 40. Kf2 Nb5
41. g4 Nc3 42. Rxa3 Rxa3 43. Qc1 Ra2+ 44. Kf3 f5 45. g5 fxe4+ 46. Bxe4 Qe6 47.
f5 gxf5 48. Qf4 Nxe4 49. c7 Rf2+ 50. Ke3 Qxb3# 0-1

[Event "Zalakarosi Sakkfesztivál open"]
[Site "Zalakaros"]
[Date "2018.05.30"]
[Round "6.38"]
[White "Ongut, Tamas Gunes"]
[Black "Balogh, Marton"]
[Result "1-0"]
[WhiteElo "2130"]
[BlackElo "1858"]
[PlyCount "141"]
[EventDate "2018.05.25"]
[EventType "swiss"]
[EventRounds "9"]
[EventCountry "HUN"]

1. e4 e6 2. d4 d5 3. Nc3 dxe4 4. Nxe4 Bd7 5. Ng5 Nf6 6. N1f3 Bd6 7. Ne5 O-O 8.
Bd3 Nc6 9. Ngf3 Nb4 10. Be2 Bc6 11. Nxc6 Nxc6 12. O-O Nb8 13. c4 c6 14. Qc2
Nbd7 15. b3 Qc7 16. Bb2 Rfe8 17. Rfe1 e5 18. c5 Bf8 19. dxe5 Nd5 20. Ng5 g6 21.
e6 fxe6 22. Bg4 Nxc5 23. Nxe6 Qe7 24. Re2 Nxe6 25. Bxe6+ Qxe6 26. Rxe6 Rxe6 27.
g3 Rae8 28. Qd3 Bc5 29. Rc1 Bb6 30. Bd4 Bxd4 31. Qxd4 a6 32. Qa7 R8e7 33. Rc2
h5 34. h4 Kh7 35. Rd2 Re4 36. Qc5 R7e6 37. Kg2 Re7 38. Qd6 R4e6 39. Qb8 Re4 40.
Qf8 R4e6 41. Qd8 Re4 42. Kh3 Re8 43. Qd7+ R4e7 44. Qd6 Re6 45. Qc5 R8e7 46. b4
Re4 47. a3 R7e6 48. Rd3 Rf6 49. Qc2 Rf5 50. Qd2 Re6 51. a4 Re4 52. Rd4 Rfe5 53.
Rxe4 Rxe4 54. b5 Rxa4 55. bxc6 bxc6 56. Qc2 Ra1 57. Qxc6 Ne7 58. Qb7 Re1 59.
Qxa6 Nf5 60. Qf6 Re7 61. Kg2 Rg7 62. f3 Nh6 63. Qe6 Ra7 64. Kf2 Nf5 65. g4 hxg4
66. h5 g3+ 67. Kg2 Ne7 68. Qf7+ Kh6 69. hxg6 Rd7 70. Kxg3 Kg5 71. Qf4+ 1-0

[Event "Zalakarosi Sakkfesztivál open"]
[Site "Zalakaros"]
[Date "2018.05.30"]
[Round "6.39"]
[White "Tatarintsev, Egor"]
[Black "Majoros, Rozsa Evelin"]
[Result "1-0"]
[WhiteElo "2125"]
[BlackElo "1967"]
[PlyCount "83"]
[EventDate "2018.05.25"]
[EventType "swiss"]
[EventRounds "9"]
[EventCountry "HUN"]

1. e4 e5 2. Nf3 Nc6 3. Bb5 a6 4. Bxc6 dxc6 5. O-O Bg4 6. h3 h5 7. d3 Qf6 8.
Nbd2 Ne7 9. Qe1 Ng6 10. Qe3 Nf4 11. Re1 Bxf3 12. Qxf3 Be7 13. Nc4 g5 14. d4 g4
15. dxe5 gxf3 16. exf6 Ne2+ 17. Kf1 Bxf6 18. e5 Bg7 19. Be3 O-O-O 20. Rad1 Rxd1
21. Rxd1 Bh6 22. gxf3 Nf4 23. Bxf4 Bxf4 24. Rd4 Bc1 25. b3 Re8 26. f4 c5 27.
Rd3 Rd8 28. Rxd8+ Kxd8 29. Ne3 Kd7 30. Kg2 Ke6 31. Kf3 Bd2 32. Ke4 c6 33. Nf5
Be1 34. Ng7+ Ke7 35. Nxh5 Bxf2 36. f5 Be1 37. f6+ Ke6 38. Ng7+ Kd7 39. Kf5 Bf2
40. e6+ fxe6+ 41. Nxe6 Ke8 42. Kg6 1-0

[Event "Zalakarosi Sakkfesztivál open"]
[Site "Zalakaros"]
[Date "2018.05.30"]
[Round "6.40"]
[White "Hrbolka, Ladislav"]
[Black "Molnar, Gabor"]
[Result "1-0"]
[WhiteElo "2089"]
[BlackElo "1943"]
[PlyCount "47"]
[EventDate "2018.05.25"]
[EventType "swiss"]
[EventRounds "9"]
[EventCountry "HUN"]

1. c4 Nf6 2. Nf3 e6 3. g3 b6 4. Bg2 Bb7 5. O-O c5 6. Nc3 Be7 7. d4 cxd4 8. Qxd4
Nc6 9. Qf4 a6 10. Rd1 d6 11. b3 Qc7 12. Bb2 Ne5 13. Na4 Ned7 14. Rac1 O-O 15.
Nd2 Rfd8 16. e4 Rac8 17. Qe3 Bc6 18. Nc3 Nc5 19. h3 Qb7 20. b4 Na4 21. Nxa4
Bxa4 22. e5 d5 23. exf6 Bxb4 24. Nb3 1-0

[Event "Zalakarosi Sakkfesztivál open"]
[Site "Zalakaros"]
[Date "2018.05.31"]
[Round "7.2"]
[White "Aczel, Gergely"]
[Black "Ostovic, Matija"]
[Result "1/2-1/2"]
[WhiteElo "2567"]
[BlackElo "2352"]
[PlyCount "102"]
[EventDate "2018.05.25"]
[EventType "swiss"]
[EventRounds "9"]
[EventCountry "HUN"]

1. d4 Nf6 2. c4 g6 3. f3 d5 4. cxd5 Nxd5 5. e4 Nb6 6. Nc3 Bg7 7. Be3 O-O 8. Qd2
Nc6 9. O-O-O f5 10. e5 Nb4 11. Nh3 Be6 12. Kb1 Qd7 13. Nf4 Rfd8 14. a3 a5 15.
d5 N4xd5 16. Ncxd5 Nxd5 17. Bc4 c6 18. Bb6 Bh6 19. g3 Bxf4 20. gxf4 Rf8 21. h4
h5 22. Bxa5 Kh7 23. Bb4 Rfd8 24. Qf2 Qe8 25. Bxd5 Bxd5 26. e6 Bxe6 27. Rde1 Qf7
28. Qe3 Ba2+ 29. Ka1 Rd7 30. Rc1 Bd5 31. Rhe1 Rad8 32. Bc3 b5 33. Rcd1 Rb7 34.
Bb4 Rbd7 35. Ba5 Ra8 36. Bb4 Rad8 37. Qb6 Re8 38. Bc3 Red8 39. Qd4 Be6 40. Qg1
Rxd1+ 41. Rxd1 Rxd1+ 42. Qxd1 Bd5 43. Qd4 Qf6 44. Qxf6 exf6 45. Bxf6 Bxf3 46.
b4 Kg8 47. Kb2 Kf7 48. Bg5 Ke6 49. Kc3 Kd5 50. Bd8 Ke4 51. Bg5 Kd5 1/2-1/2

[Event "Zalakarosi Sakkfesztivál open"]
[Site "Zalakaros"]
[Date "2018.05.31"]
[Round "7.3"]
[White "Horvath, Adam"]
[Black "Krykun, Yuriy"]
[Result "1/2-1/2"]
[WhiteElo "2481"]
[BlackElo "2338"]
[PlyCount "116"]
[EventDate "2018.05.25"]
[EventType "swiss"]
[EventRounds "9"]
[EventCountry "HUN"]

1. e4 e5 2. Nf3 Nc6 3. Bb5 a6 4. Ba4 Nf6 5. O-O Be7 6. Re1 b5 7. Bb3 d6 8. a4
Bg4 9. c3 O-O 10. h3 Bh5 11. d3 Na5 12. Bc2 c5 13. Nbd2 Qc7 14. Nf1 c4 15. d4
Rab8 16. axb5 Rxb5 17. g4 Bg6 18. Ng3 Nb3 19. Rxa6 Nxc1 20. Qxc1 Qb7 21. Ra2
Rb8 22. Ba4 Rxb2 23. Bc6 Qb6 24. Rxb2 Qxb2 25. Qxb2 Rxb2 26. Ra1 Rb8 27. dxe5
dxe5 28. Nxe5 Bd6 29. f4 Bxe5 30. fxe5 Ne8 31. Ra7 Rc8 32. Bd5 Nc7 33. Nf5 Kf8
34. Nd6 Nxd5 35. Nxc8 Nxc3 36. Nd6 Nxe4 37. Rc7 c3 38. Kh2 Nxd6 39. exd6 Ke8
40. Kg3 h5 41. g5 c2 42. Kf4 Kd8 43. h4 Ke8 44. Ke5 Kd8 45. Kd5 Bf5 46. Kd4 Bg6
47. Ke3 Ke8 48. Kd2 Kd8 49. Rc4 Kd7 50. Rd4 Bf5 51. Kc1 Bg6 52. Kb2 Bf5 53. Rd5
Bg6 54. Rd2 Bf5 55. Rf2 Bg6 56. Rd2 Bf5 57. Kc1 Bg6 58. Rd5 Be4 1/2-1/2

[Event "Zalakarosi Sakkfesztivál open"]
[Site "Zalakaros"]
[Date "2018.05.31"]
[Round "7.4"]
[White "Ianov, Viktor"]
[Black "Nemeth, Miklos"]
[Result "1-0"]
[WhiteElo "2285"]
[BlackElo "2491"]
[PlyCount "85"]
[EventDate "2018.05.25"]
[EventType "swiss"]
[EventRounds "9"]
[EventCountry "HUN"]

1. Nf3 f5 2. g3 Nf6 3. Bg2 g6 4. c4 Bg7 5. Nc3 O-O 6. d3 d6 7. Rb1 a5 8. a3 e5
9. O-O h6 10. b4 axb4 11. axb4 Nc6 12. b5 Ne7 13. Bb2 g5 14. Ra1 Rb8 15. Qb3
Be6 16. Nd2 c6 17. Ra7 d5 18. Ba3 Rf7 19. Bb4 Nc8 20. cxd5 Nxd5 21. Raa1 Nxc3
22. Qxc3 e4 23. Qa3 Bxa1 24. Qxa1 Ne7 25. Qe5 Qc8 26. dxe4 Ra8 27. exf5 Rxf5
28. Qd6 Rf7 29. bxc6 bxc6 30. Rc1 Qd7 31. Qe5 Nd5 32. Bc5 Re8 33. Bd4 Kh7 34.
Rxc6 Nf6 35. Qc5 Rc8 36. Nc4 Rxc6 37. Bxc6 Qe7 38. Nd6 Rf8 39. Qe5 Rd8 40. Nf5
Qf7 41. Nd6 Qe7 42. Bc5 Kg8 43. Nf5 1-0

[Event "Zalakarosi Sakkfesztivál open"]
[Site "Zalakaros"]
[Date "2018.05.31"]
[Round "7.5"]
[White "Bokros, Albert"]
[Black "Li, Bo"]
[Result "0-1"]
[WhiteElo "2480"]
[BlackElo "2319"]
[PlyCount "128"]
[EventDate "2018.05.25"]
[EventType "swiss"]
[EventRounds "9"]
[EventCountry "HUN"]

1. e4 c5 2. Nf3 Nc6 3. d4 cxd4 4. Nxd4 Qb6 5. Nb3 Nf6 6. Nc3 d6 7. Bc4 g6 8.
Bg5 Ng4 9. Qe2 Bg7 10. Nd5 Qd8 11. O-O-O h6 12. Bd2 Nge5 13. Bc3 O-O 14. h3
Nxc4 15. Bxg7 Kxg7 16. Qxc4 Be6 17. Qc3+ f6 18. Qg3 Bf7 19. f4 a5 20. h4 a4 21.
Nd4 a3 22. b3 Bxd5 23. exd5 Nxd4 24. Rxd4 Qd7 25. Re1 Rac8 26. h5 g5 27. Qd3
Qe8 28. g4 gxf4 29. Rxf4 Rc7 30. Rfe4 Qf7 31. Re6 Rfc8 32. R1e2 Kf8 33. Qf5 Rb8
34. Kd1 b5 35. Qf4 Qg7 36. Qe4 b4 37. Rf2 Rbb7 38. Rf5 Rb8 39. Qf4 Kg8 40. Re4
Rbc8 41. Re2 Rb8 42. Qd2 Qxg4 43. Rff2 Kf7 44. Rg2 Qxh5 45. Qd3 Rh8 46. Qe4 Kf8
47. Qxb4 Qxd5+ 48. Ke1 Qc5 49. Qg4 Qg5 50. Qe4 Qa5+ 51. Kf1 Rg8 52. Rxg8+ Kxg8
53. Qe6+ Kh8 54. Rg2 Qb5+ 55. c4 Qe8 56. Qh3 Qf8 57. Rg6 Kh7 58. Qd3 f5 59. Rg2
Qf6 60. Re2 Rc5 61. b4 Re5 62. Rf2 Qe6 63. b5 Re1+ 64. Kg2 Qg6+ 0-1

[Event "Zalakarosi Sakkfesztivál open"]
[Site "Zalakaros"]
[Date "2018.05.31"]
[Round "7.6"]
[White "Karacsonyi, Gellert"]
[Black "Chernyshov, Konstantin"]
[Result "0-1"]
[WhiteElo "2208"]
[BlackElo "2478"]
[PlyCount "66"]
[EventDate "2018.05.25"]
[EventType "swiss"]
[EventRounds "9"]
[EventCountry "HUN"]

1. e4 c5 2. Nf3 Nc6 3. d4 cxd4 4. Nxd4 Nf6 5. Nc3 d6 6. Bg5 e6 7. Qd2 a6 8.
O-O-O h6 9. Nxc6 bxc6 10. Bf4 d5 11. Be2 Ra7 12. Rhe1 Rd7 13. exd5 cxd5 14. Be5
Bd6 15. f4 O-O 16. g4 Ne8 17. h4 Bxe5 18. fxe5 Qxh4 19. Rh1 Qg3 20. Qd4 f6 21.
exf6 Rxf6 22. Kb1 Nd6 23. Rdg1 Qf4 24. Qc5 Bb7 25. Bd3 Nf7 26. Ne2 Qd6 27. Qxd6
Rxd6 28. Nd4 Ng5 29. Re1 Rf4 30. Nb3 Nf3 31. Ref1 e5 32. Be2 d4 33. Rh3 Rdf6
0-1

[Event "Zalakarosi Sakkfesztivál open"]
[Site "Zalakaros"]
[Date "2018.05.31"]
[Round "7.7"]
[White "Chakravarthi Reddy, M."]
[Black "Hardicsay, Peter"]
[Result "1-0"]
[WhiteElo "2443"]
[BlackElo "2211"]
[PlyCount "83"]
[EventDate "2018.05.25"]
[EventType "swiss"]
[EventRounds "9"]
[EventCountry "HUN"]

1. d4 Nf6 2. c4 g6 3. Nf3 Bg7 4. g3 O-O 5. Bg2 d6 6. O-O Nc6 7. Nc3 a6 8. d5
Na5 9. b3 Bd7 10. Bd2 c5 11. dxc6 Nxc6 12. Re1 Rb8 13. a4 b6 14. e4 Bg4 15. h3
Bxf3 16. Bxf3 Nd7 17. Bg2 Nc5 18. Rb1 a5 19. Nb5 Qd7 20. Be3 Rbd8 21. f4 Na7
22. Na3 Qc8 23. Re2 Kh8 24. Bf2 h6 25. g4 Nc6 26. Nb5 Nb4 27. Be3 Kh7 28. Qe1
e6 29. Rd2 d5 30. cxd5 exd5 31. exd5 Rfe8 32. Qg3 Ne4 33. Bxe4 Rxe4 34. Rbd1
Qb7 35. d6 Rd7 36. Qf2 f5 37. gxf5 gxf5 38. Bxb6 Bf6 39. Kh2 Nc6 40. Be3 Qb8
41. Rc1 Nb4 42. Bd4 1-0

[Event "Zalakarosi Sakkfesztivál open"]
[Site "Zalakaros"]
[Date "2018.05.31"]
[Round "7.8"]
[White "Marosi, Levente"]
[Black "Tompa, Janos"]
[Result "1-0"]
[WhiteElo "2277"]
[BlackElo "2372"]
[PlyCount "45"]
[EventDate "2018.05.25"]
[EventType "swiss"]
[EventRounds "9"]
[EventCountry "HUN"]

1. e4 c5 2. Nf3 e6 3. d4 cxd4 4. Nxd4 Nc6 5. Nc3 Qc7 6. Be3 a6 7. Qf3 Nf6 8.
O-O-O b5 9. e5 b4 10. exf6 bxc3 11. Bf4 cxb2+ 12. Kb1 Nxd4 13. Rxd4 Qb7 14. Qc3
gxf6 15. Rc4 Be7 16. Be2 Bd8 17. Bd6 Qb6 18. Bf3 Bb7 19. Bc5 Qc7 20. Bd4 Qb8
21. Rb4 Ba5 22. Bxb7 e5 23. Re1 1-0

[Event "Zalakarosi Sakkfesztivál open"]
[Site "Zalakaros"]
[Date "2018.05.31"]
[Round "7.9"]
[White "Srinath, Rao S.V."]
[Black "Vanczak, Tamas"]
[Result "0-1"]
[WhiteElo "2363"]
[BlackElo "2303"]
[PlyCount "88"]
[EventDate "2018.05.25"]
[EventType "swiss"]
[EventRounds "9"]
[EventCountry "HUN"]

1. e4 e5 2. Nf3 Nc6 3. d4 exd4 4. Nxd4 Bc5 5. Be3 Qf6 6. c3 Nge7 7. g3 d6 8.
Bg2 Ne5 9. h3 O-O 10. O-O Nc4 11. Bc1 Bd7 12. b3 Ne5 13. Be3 Rad8 14. Nd2 Bb6
15. f4 N5c6 16. Nc4 Bxd4 17. cxd4 d5 18. exd5 Nb4 19. d6 cxd6 20. d5 b5 21. Na5
Nbxd5 22. Bd4 Qh6 23. Kh2 a6 24. Qf3 Nf6 25. Rae1 Nf5 26. Ba1 d5 27. Re5 d4 28.
Rfe1 Ne3 29. Bxd4 Nxg2 30. Qxg2 Ng4+ 31. Kg1 Nxe5 32. Rxe5 Bxh3 33. Qe4 Qg6 34.
Nc6 Qxe4 35. Rxe4 Rde8 36. Ne7+ Kh8 37. Bc5 Bg4 38. a4 Rd8 39. f5 h5 40. Bd4
Rfe8 41. f6 gxf6 42. Bxf6+ Kh7 43. axb5 axb5 44. Re5 Rd6 0-1

[Event "Zalakarosi Sakkfesztivál open"]
[Site "Zalakaros"]
[Date "2018.05.31"]
[Round "7.10"]
[White "Astaneh Lopez, Alex"]
[Black "Peczely, Sebastian Zsombor"]
[Result "1/2-1/2"]
[WhiteElo "2446"]
[BlackElo "2244"]
[PlyCount "72"]
[EventDate "2018.05.25"]
[EventType "swiss"]
[EventRounds "9"]
[EventCountry "HUN"]

1. Nf3 d5 2. b3 c6 3. Bb2 Nf6 4. c4 Bg4 5. e3 e6 6. h3 Bh5 7. d3 Nbd7 8. cxd5
exd5 9. Nbd2 Bg6 10. Nh4 Bd6 11. Nxg6 hxg6 12. Be2 Qe7 13. a3 a5 14. O-O O-O
15. Re1 Rfe8 16. Qc2 c5 17. Bf1 Bc7 18. g3 Rac8 19. Bg2 b5 20. a4 b4 21. Rac1
Be5 22. e4 dxe4 23. Nc4 Bxb2 24. Qxb2 Ne5 25. Nxe5 Qxe5 26. Qxe5 Rxe5 27. dxe4
c4 28. Rxc4 Rxc4 29. bxc4 Nd7 30. f4 Rc5 31. Bf1 Nb6 32. Ra1 Nxc4 33. Rc1 b3
34. Bxc4 b2 35. Rb1 Rxc4 36. Rxb2 Rxe4 1/2-1/2

[Event "Zalakarosi Sakkfesztivál open"]
[Site "Zalakaros"]
[Date "2018.05.31"]
[Round "7.11"]
[White "Czebe, Attila"]
[Black "Szalanczy, Emil"]
[Result "1-0"]
[WhiteElo "2422"]
[BlackElo "2233"]
[PlyCount "73"]
[EventDate "2018.05.25"]
[EventType "swiss"]
[EventRounds "9"]
[EventCountry "HUN"]

1. d4 Nf6 2. Nc3 d5 3. Bf4 Bf5 4. e3 c6 5. Be2 e6 6. h4 h5 7. Nf3 Nbd7 8. Ng5
Bb4 9. O-O Nf8 10. Bg3 Bd6 11. Bxd6 Qxd6 12. g3 Ng6 13. Bd3 Ne7 14. e4 dxe4 15.
Ncxe4 Nxe4 16. Bxe4 Bxe4 17. Nxe4 Qd5 18. Re1 Rd8 19. c3 Rh6 20. Ng5 Rd7 21.
Re5 Qxe5 22. dxe5 Rxd1+ 23. Rxd1 Nf5 24. Ne4 Rg6 25. Kh2 Rg4 26. Re1 b6 27. Kh3
Rg6 28. a4 Nh6 29. a5 b5 30. Rd1 Ng4 31. f4 f5 32. exf6 Nxf6 33. Nxf6+ Rxf6 34.
Rd6 c5 35. Ra6 e5 36. Rxf6 gxf6 37. fxe5 1-0

[Event "Zalakarosi Sakkfesztivál open"]
[Site "Zalakaros"]
[Date "2018.05.31"]
[Round "7.12"]
[White "Meszaros, Tamas"]
[Black "Veleski, Robert"]
[Result "1-0"]
[WhiteElo "2407"]
[BlackElo "2225"]
[PlyCount "157"]
[EventDate "2018.05.25"]
[EventType "swiss"]
[EventRounds "9"]
[EventCountry "HUN"]

1. e4 e5 2. Nf3 Nc6 3. Bb5 a6 4. Ba4 Nf6 5. O-O Be7 6. Re1 b5 7. Bb3 d6 8. c3
O-O 9. d4 Bg4 10. d5 Na5 11. Bc2 c5 12. h3 Bc8 13. Nbd2 Re8 14. Nf1 Bf8 15. b3
g6 16. Bg5 h6 17. Be3 Kh7 18. g4 Bg7 19. Ng3 Bd7 20. Kg2 Qc7 21. Nh4 Rf8 22.
Qf3 Ng8 23. Rh1 Qd8 24. Nhf5 gxf5 25. exf5 f6 26. g5 Ne7 27. Qh5 Nxd5 28. g6+
Kg8 29. Bxh6 Bxh6 30. Qxh6 Nf4+ 31. Kh2 Qe7 32. Nh5 Nxh5 33. Qxh5 Qg7 34. Rhd1
Rfd8 35. Rxd6 Be8 36. Rad1 Rxd6 37. Rxd6 Nb7 38. Rb6 Rd8 39. Qh7+ Qxh7 40.
gxh7+ Kxh7 41. Rxb7+ Kh6 42. Be4 b4 43. cxb4 Rd4 44. f3 cxb4 45. Rb6 a5 46.
Rxf6+ Kg7 47. Re6 Kf7 48. Rxe5 Rd2+ 49. Kg3 Rxa2 50. f6 Kf8 51. Rc5 Kf7 52. Re5
Kf8 53. Rc5 Kf7 54. Rf5 Ke6 55. Kf4 Rd2 56. Re5+ Kf7 57. Rxa5 Kxf6 58. Ra6+ Kg7
59. Rb6 Bd7 60. h4 Kf8 61. Rxb4 Rh2 62. Kg5 Ke7 63. Bf5 Bc6 64. Be4 Bd7 65. Rb7
Kd6 66. h5 Be8 67. Bg6 Bc6 68. Rf7 Bd5 69. Rf4 Bxb3 70. Kf6 Bd5 71. Kg7 Rb2 72.
h6 Rb7+ 73. Bf7 Ke5 74. Rf6 Bxf7 75. Rxf7 Rb1 76. h7 Rg1+ 77. Kf8 Rh1 78. Kg8
Ke6 79. Rg7 1-0

[Event "Zalakarosi Sakkfesztivál open"]
[Site "Zalakaros"]
[Date "2018.05.31"]
[Round "7.13"]
[White "Fancsy, Imre"]
[Black "Czupor, Attila"]
[Result "1/2-1/2"]
[WhiteElo "2388"]
[BlackElo "2209"]
[PlyCount "55"]
[EventDate "2018.05.25"]
[EventType "swiss"]
[EventRounds "9"]
[EventCountry "HUN"]

1. Nf3 d5 2. d4 Nf6 3. c4 c6 4. Qc2 e6 5. g3 Bd6 6. Nbd2 Nbd7 7. Bg2 O-O 8. O-O
Re8 9. Re1 h6 10. a3 Qc7 11. e4 dxe4 12. Nxe4 Nxe4 13. Qxe4 e5 14. c5 Bf8 15.
Nxe5 Nxe5 16. Bf4 Qd8 17. Bxe5 Be6 18. Qc2 Qd7 19. Qc3 Bd5 20. Bxd5 Qxd5 21.
Bf4 g5 22. Be3 Re7 23. b3 Rd8 24. Qc4 Bg7 25. Qxd5 Rxd5 26. Rad1 Kf8 27. Kg2
Bxd4 28. Bxd4 1/2-1/2

[Event "Zalakarosi Sakkfesztivál open"]
[Site "Zalakaros"]
[Date "2018.05.31"]
[Round "7.14"]
[White "Kareva, Natalia"]
[Black "Csonka, Attila Istvan"]
[Result "0-1"]
[WhiteElo "2206"]
[BlackElo "2372"]
[PlyCount "78"]
[EventDate "2018.05.25"]
[EventType "swiss"]
[EventRounds "9"]
[EventCountry "HUN"]

1. Nf3 Nf6 2. d4 e6 3. c4 b6 4. a3 Ba6 5. e3 Be7 6. Bd3 c5 7. d5 exd5 8. cxd5
Bxd3 9. Qxd3 d6 10. O-O O-O 11. e4 Nbd7 12. h3 Re8 13. Bf4 Nf8 14. Nc3 Ng6 15.
Bh2 Nd7 16. Rad1 a6 17. a4 Qb8 18. Nd2 Bf6 19. f4 Ra7 20. Nf3 b5 21. axb5 Bxc3
22. bxc3 axb5 23. Rfe1 Ra3 24. Qd2 Nb6 25. e5 Nc4 26. Qc1 f5 27. Nd2 Ra4 28.
Nxc4 Rxc4 29. exd6 Rxe1+ 30. Rxe1 Qxd6 31. Qb1 Qxd5 32. Rd1 Qe4 33. Qxb5 Rxc3
34. Qb8+ Kf7 35. Qc7+ Ne7 36. Qe5 Re3 37. Qxe4 Rxe4 38. Kf2 Ke6 39. Rd8 c4 0-1

[Event "Zalakarosi Sakkfesztivál open"]
[Site "Zalakaros"]
[Date "2018.05.31"]
[Round "7.15"]
[White "Ugroczky, Peter"]
[Black "Zentai, Peter"]
[Result "1-0"]
[WhiteElo "2197"]
[BlackElo "2327"]
[PlyCount "89"]
[EventDate "2018.05.25"]
[EventType "swiss"]
[EventRounds "9"]
[EventCountry "HUN"]

1. e4 e6 2. d4 d5 3. Nd2 h6 4. Bd3 c5 5. exd5 Qxd5 6. Ngf3 cxd4 7. Bc4 Qd6 8.
Qe2 Nf6 9. Nb3 Nc6 10. Bb5 a6 11. Bxc6+ Qxc6 12. Nbxd4 Qe4 13. Be3 Nd5 14.
O-O-O Nxe3 15. fxe3 Be7 16. Nd2 Qe5 17. h4 Qa5 18. Kb1 e5 19. N4b3 Qb6 20. Nc4
Qe6 21. e4 O-O 22. Ne3 Bd7 23. g4 Rad8 24. Nf5 Bb5 25. Qf3 Rxd1+ 26. Rxd1 Rd8
27. Rh1 Bf8 28. g5 Qg6 29. gxh6 gxh6 30. Qf2 Kh7 31. Rg1 Qh5 32. Ng3 Qg6 33.
Ne2 Qh5 34. Qg3 Qg6 35. Qxe5 Bg7 36. Qc7 Qf6 37. Nc3 Rd7 38. Qg3 Bc6 39. a3 Re7
40. Nd2 b5 41. Rf1 Qg6 42. Qh3 Re5 43. Nf3 Rc5 44. Rg1 Qf6 45. Ng5+ 1-0

[Event "Zalakarosi Sakkfesztivál open"]
[Site "Zalakaros"]
[Date "2018.05.31"]
[Round "7.16"]
[White "Radovanovic, Jovica"]
[Black "Virag, Balint"]
[Result "1-0"]
[WhiteElo "2311"]
[BlackElo "2065"]
[PlyCount "75"]
[EventDate "2018.05.25"]
[EventType "swiss"]
[EventRounds "9"]
[EventCountry "HUN"]

1. d4 Nf6 2. Nf3 g6 3. c4 Bg7 4. Nc3 d5 5. cxd5 Nxd5 6. Bd2 Bg4 7. e4 Bxf3 8.
Qxf3 Nb4 9. Rc1 N8c6 10. d5 Nd4 11. Qd1 a5 12. Nb5 Nxb5 13. Bxb5+ c6 14. Bxb4
cxb5 15. Bc3 Bxc3+ 16. Rxc3 O-O 17. O-O Qd6 18. Qc2 f5 19. Re1 e5 20. exf5 gxf5
21. Qe2 Qxd5 22. Qxe5 Qxe5 23. Rxe5 b4 24. Rg3+ Kh8 25. h4 f4 26. Rg4 Rfd8 27.
Rxf4 Rd1+ 28. Kh2 Rd2 29. Re7 Rxb2 30. Rff7 Rxa2 31. Rxh7+ Kg8 32. Reg7+ Kf8
33. Rxb7 Kg8 34. Rbg7+ Kf8 35. h5 Rxf2 36. h6 Ke8 37. Rg8+ Rf8 38. Rxf8+ 1-0

[Event "Zalakarosi Sakkfesztivál open"]
[Site "Zalakaros"]
[Date "2018.05.31"]
[Round "7.17"]
[White "Pribelszky, Bence"]
[Black "Borsos, Bogdan"]
[Result "1/2-1/2"]
[WhiteElo "2187"]
[BlackElo "2277"]
[PlyCount "73"]
[EventDate "2018.05.25"]
[EventType "swiss"]
[EventRounds "9"]
[EventCountry "HUN"]

1. e4 e5 2. Nf3 Nc6 3. Bc4 Nf6 4. d3 Bc5 5. c3 d6 6. O-O O-O 7. Re1 h6 8. Nbd2
a5 9. a4 Be6 10. Bxe6 fxe6 11. Nc4 Ng4 12. Be3 Nxe3 13. Nxe3 Bxe3 14. Rxe3 Qd7
15. Qb3 Ra6 16. Rd1 Rb6 17. Qc2 Kh8 18. b3 Qf7 19. d4 exd4 20. cxd4 Nb4 21. Qd2
Rc6 22. Rc3 Qg6 23. Re1 Rxc3 24. Qxc3 c6 25. Nd2 Qf6 26. f3 d5 27. Rf1 b6 28.
f4 c5 29. e5 Qe7 30. g3 cxd4 31. Qxd4 Qc5 32. Nf3 Rc8 33. Qxc5 bxc5 34. Rc1 Kg8
35. Nd4 Na2 36. Rc2 Nb4 37. Rc1 1/2-1/2

[Event "Zalakarosi Sakkfesztivál open"]
[Site "Zalakaros"]
[Date "2018.05.31"]
[Round "7.18"]
[White "Saber, Yasser"]
[Black "Boguszlavszkij, Jevgenyij"]
[Result "1-0"]
[WhiteElo "2266"]
[BlackElo "2173"]
[PlyCount "83"]
[EventDate "2018.05.25"]
[EventType "swiss"]
[EventRounds "9"]
[EventCountry "HUN"]

1. d4 Nf6 2. c4 e6 3. Nc3 d5 4. Bg5 c6 5. e3 Nbd7 6. cxd5 exd5 7. Qc2 Be7 8.
Bd3 O-O 9. Nge2 Re8 10. O-O Ne4 11. Bf4 Nxc3 12. bxc3 Nf8 13. c4 dxc4 14. Bxc4
Bd6 15. Qb3 Ne6 16. a4 Rb8 17. Bg3 Bxg3 18. Nxg3 Qf6 19. Ne4 Qe7 20. Rae1 Kh8
21. f4 f6 22. f5 Nc7 23. Nc5 Qd6 24. Nd3 b6 25. Rf3 Bd7 26. Kh1 Re7 27. g4 Nd5
28. e4 Nc7 29. Nf4 Be8 30. Qe3 c5 31. Rh3 Bf7 32. Ng6+ Kg8 33. Rxh7 Bxc4 34.
Rh8+ Kf7 35. Rxb8 Re8 36. Rxe8 Nxe8 37. dxc5 bxc5 38. e5 Qd5+ 39. Kg1 Qd4 40.
e6+ Kg8 41. Qxd4 cxd4 42. Re4 1-0